000 00662nam a22001337a 4500
040 _cRUA
082 _aFOR BRA 2010 B139 Or.1
100 _aBRAK, ARN.
245 _aPeople concept for reforestation at phnom chiso area samrong district takeo province, ទស្សនៈរបស់ប្រជាពលរដ្ឋចំពោះការដាំដើមឈើឡើងវិញនៅភ្នំជីសូរ ស្រុកសំរោង ខេត្តតាកែវ
260 _aPhnom Penh
_bRUA
_c2010
300 _axii; 51p.
_bill.
_c29cm.
856 _uhttps://drive.google.com/file/d/1Z88VkIZo1-wc_ZTb9RTFqCB8QYVPdQxN/view?usp=sharing
942 _cFOR
999 _c3399
_d3399